书目信息 |
| 题名: |
中华两千年史
|
|
| 作者: | 邓之诚 | |
| 分册: | 五下一 | |
| 出版信息: | 北京 中华书局 1983 |
|
| 页数: | 232页 | |
| 开本: | 20cm | |
| 丛书名: | ||
| 单 册: | ||
| 中图分类: | K303 | |
| 科图分类: | ||
| 主题词: | 亚洲--历史 | |
| 电子资源: | ||
| ISBN: | ||
| 000 | 00500nam0 2200181 450 | |
| 001 | 0728815141 | |
| 005 | 20070819080015.14 | |
| 010 | @d¥15.80 | |
| 100 | @a20070819d km y0chiy0120 ea | |
| 101 | 0 | @achi |
| 200 | 1 | @a中华两千年史@Azhong hua liang qian nian shi@h五下一@f邓之诚@Fdeng zhi cheng |
| 210 | @a北京@c中华书局@d1983 | |
| 215 | @a232页@d20cm | |
| 606 | 0 | @a亚洲@x历史 |
| 690 | @aK303@v3 | |
| 701 | 0 | @a邓之诚@Adeng zhi cheng |
| 801 | 0 | @aCN@bPFT@c20070819 |
| 905 | @a213230@dK303@eZW118:5:3@f1 | |
| 中华两千年史.五下一/邓之诚.-北京:中华书局,1983 |
| 232页;20cm |
| ISBN :¥15.80 |
| ● |
| 相关链接 |
|
|
|
|
正题名:中华两千年史
索取号:K303/ZW118:5:3
 
预约/预借
| 序号 | 登录号 | 条形码 | 馆藏地/架位号 | 状态 | 备注 |
| 1 | 7601978 | 276019782 | 密集书库-文学院/ [索取号:K303/ZW118:5:3] | 在馆 | |
| 2 | 7601979 | 276019791 | 密集书库-文学院/ [索取号:K303/ZW118:5:3] | 在馆 | |
| 3 | 7601980 | 276019808 | 密集书库-文学院/ [索取号:K303/ZW118:5:3] | 在馆 | |
| 4 | 7601981 | 276019817 | 密集书库-文学院/ [索取号:K303/ZW118:5:3] | 在馆 | |
| 5 | 7601982 | 276019826 | 密集书库-文学院/ [索取号:K303/ZW118:5:3] | 在馆 |